000 00667nam a2200265Ia 4500
005 20260121173639.0
008 008 260114s9999 xx 000 0 eng d
020 _a9783658081454
037 _aEBOOK
040 _aCRL
040 _beng
040 _cCRL
041 _2eng
041 _aeng
084 _qCRL
100 _aAkiiki Babyesiza
_91103462
245 0 _aUniversity Governance in (Post-)Conflict Southern Sudan 2005?2011
260 _bSpringer
260 _bSpringer
260 _c2015
856 _uhttps://link.springer.com/openurl?genre=book&isbn=978-3-658-08145-4
942 _cEBOOK
999 _c1669208
_d1669208